000 00530nam a2200181Ia 4500
008 090122s9999 xx 000 0 und d
082 _b11131
100 _aकुंभार
_bअनसूया
_cव्यं
245 _aकिशोरनाटिका
260 _bआरती
_c1998
300 _a56
501 _aबि. नं. 395
600 _aकुंभार
630 _aकिशोरनाटिका
700 _aकुंभार
730 _aकिशोरनाटिका
942 _cBOOK
999 _c35208
_d35208